MARC details
| 000 -LEADER |
| campo de control de longitud fija |
02164nka a2200385 i 4500 |
| 001 - NÚMERO DE CONTROL |
| campo de control |
102994 |
| 003 - IDENTIFICADOR DE NÚMERO DE CONTROL |
| campo de control |
ES-MaACL |
| 005 - FECHA Y HORA DE LA ÚLTIMA TRANSACCIÓN |
| campo de control |
20250820063038.0 |
| 007 - CAMPO FIJO DE DESCRIPCIÓN FÍSICA--INFORMACIÓN GENERAL |
| campo de control de longitud fija |
t| |
| 008 - DATOS DE LONGITUD FIJA--INFORMACIÓN GENERAL |
| campo de control de longitud fija |
051223q1792 sp f | |r||1c|spa |
| 100 1# - ENTRADA PRINCIPAL--NOMBRE DE PERSONA |
| Nombre de persona |
Carattoni, Girolamo, |
| Fechas asociadas al nombre |
1749-ca. 1809 |
| Término indicativo de función/relación |
Grabador |
| 9 (RLIN) |
34971 |
| 245 10 - MENCIÓN DEL TÍTULO |
| Título |
[Sagrada Familia del roble] |
| Medio |
[Material gráfico] / |
| Mención de responsabilidad, etc. |
Julio Romero lo pintó ; Leon Bueno lo dibujó ; Girolano Carattoni lo gravó |
| 260 ## - PUBLICACIÓN, DISTRIBUCIÓN, ETC. |
| Lugar de publicación, distribución, etc. |
[S.l. : |
| Nombre del editor, distribuidor, etc. |
s.n., |
| Fecha de publicación, distribución, etc. |
ca. 1792] |
| 300 ## - DESCRIPCIÓN FÍSICA |
| Extensión |
1 estampa : |
| Otras características físicas |
grabado calcográfico ; |
| Dimensiones |
590 x 400 mm |
| 490 1# - MENCIÓN DE SERIE |
| Mención de serie |
Colección facticia de grabados ; |
| Designación de volumen o secuencia |
38 |
| 500 ## - NOTA GENERAL |
| Nota general |
Inscripción: "Este quadro de la Sacra Familia, pintado por Julio Romano, Discipulo de Rafael de Vrbino, tiene quatro pies de rey y quatro pulgadas de alto, y de ancho tres pies y cinco pulgadas. Está en el Real Palacio de Madrid" |
| 500 ## - NOTA GENERAL |
| Nota general |
Estampa perteneciente a la "Compañía para el grabado de los cuadros de los Reales Palacios", constituida en Madrid entre 1789-1797. En 1818 las planchas, estampas y dibujos pasaron a la Calcografía Nacional |
| 530 ## - NOTA DISPONIBLE DE FORMULARIO FÍSICO ADICIONAL |
| Nota de formato físico adicional disponible |
Disponible en formato digital |
| 594 ## - Nota al título y mención de responsabilidad |
| Nota al título y mención de responsabilidad |
Título tomado de la Calcografía Nacional |
| 594 ## - Nota al título y mención de responsabilidad |
| Nota al título y mención de responsabilidad |
Estampa basada en un cuadro de Rafael Sanzio que en el siglo XVIII estuvo atribuido a Giulio Romano |
| 650 #7 - PUNTO DE ACCESO ADICIONAL DE MATERIA--TÉRMINO DE MATERIA |
| Término de materia o nombre geográfico como elemento de entrada |
Sagrada Familia |
| Fuente del encabezamiento o término |
embne |
| 9 (RLIN) |
16965 |
| 655 #7 - TERMINO DE INDIZACIÓN--GENERO/FORMA |
| Datos o término principal de género/forma |
Grabados calcográficos |
| Fuente del término |
tgfbne |
| 9 (RLIN) |
241761 |
| 655 #7 - TERMINO DE INDIZACIÓN--GENERO/FORMA |
| Datos o término principal de género/forma |
Grabados |
| Fuente del término |
tgfbne |
| 9 (RLIN) |
226846 |
| 655 #4 - TERMINO DE INDIZACIÓN--GENERO/FORMA |
| Datos o término principal de género/forma |
Reproducciones de obras de arte |
| 9 (RLIN) |
241931 |
| 700 0# - ENTRADA AGREGADA--NOMBRE PERSONAL |
| Nombre de persona |
Raffaello, |
| Fechas asociadas al nombre |
1483-1520 |
| Término indicativo de función/relación |
Artista |
| 9 (RLIN) |
94962 |
| 700 0# - ENTRADA AGREGADA--NOMBRE PERSONAL |
| Nombre de persona |
Giulio Romano, |
| Fechas asociadas al nombre |
1499-1546 |
| Término indicativo de función/relación |
Artista |
| 9 (RLIN) |
57370 |
| 700 1# - ENTRADA AGREGADA--NOMBRE PERSONAL |
| Nombre de persona |
Bueno, León, |
| Fechas asociadas al nombre |
s. XVIII |
| Término indicativo de función/relación |
Dibujante |
| 9 (RLIN) |
32380 |
| 830 #0 - PUNTO DE ACCESO ADICIONAL DE SERIE-TÍTULO UNIFORME |
| Título uniforme |
Colección facticia de grabados ; |
| Designación de volumen o secuencia |
38 |
| 9 (RLIN) |
184692 |
| 852 4# - LOCALIZACIÓN |
| Ubicación |
ES-MaACL |
| Ubicación en estantería |
Depósito 2 |
| Número de control de estantería |
GF-2(38) |
| 856 4# - LOCALIZACIÓN Y ACCESO ELECTRÓNICOS |
| Identificador Uniforme de Recursos |
<a href="https://www.academiacolecciones.com/estampas/inventario.php?id=GR-1463">https://www.academiacolecciones.com/estampas/inventario.php?id=GR-1463</a> |
| Texto de enlace |
Versión en línea |
| Nota pública |
(Real Academia de Bellas Artes de San Fernando) |
| 856 4# - LOCALIZACIÓN Y ACCESO ELECTRÓNICOS |
| Identificador Uniforme de Recursos |
<a href="https://www.museodelprado.es/coleccion/obra-de-arte/sagrada-familia-del-roble/f7fbd32d-a240-4edb-a237-6206dd39292c">https://www.museodelprado.es/coleccion/obra-de-arte/sagrada-familia-del-roble/f7fbd32d-a240-4edb-a237-6206dd39292c</a> |
| Texto de enlace |
Versión en línea |
| Nota pública |
(Museo del Prado) |
| 942 ## - ELEMENTOS DE ENTRADA SECUNDARIOS (KOHA) |
| Fuente del sistema de clasificación o colocación |
Clasificación decimal universal |
| Tipo de ítem Koha |
Grabado |
| Suprimir en OPAC |
No |